Osiągnięcia na mundialu - Statystyki

Ogólne statystyki
  • Ten quiz został rozwiązany 52 razy
  • Średni wynik to 7 z 8
Statystyki odpowiedzi
Najwyższe miejsce Reprezentacja % Poprawnych
Mistrz (1) Brazylia | Niemcy | Włochy | Argentyna | Francja | Urugwaj | Anglia | Hiszpania
100%
3 miejsce Polska | Austria | Belgia | Portugalia | Chile | Turcja | Usa
98%
Wicemistrz (2) Holandia | Czechosłowacja | Węgry | Szwecja | Chorwacja
94%
4 miejsce Jugosławia | ZSSR | Bułgaria | Korea Południowa | Maroko
90%
9-16 miejsce Egipt | Indonezja | Norwegia | Szkocja | Salwador | Izrael | Australia | Zair | Haiti | Tunezja | Iran | Arabia Saudyjska | Nigeria | Japonia | Ekwador | Słowacja | Grecja | Algeria
88%
5-8 miejsce Rumunia | Paragwaj | Szwajcaria | Kuba | Boliwia | IrIandia Północna | Walia | Korea Północna | Peru | Meksyk | NRD | Kamerun | Irlandia | Dania | Senegal | Ukraina | Ghana | Kostaryka | Rosja | Kolumbia
85%
25-32 miejsce Chiny | Trynidad i Tobago | Serbia i Czarnogóra | Togo | Serbia | Panama | Islandia | Katar
73%
17-24 miejsce Kuwejt | Honduras | Nowa Zelandia | Irak | Kanada | Zjednoczone Emiraty Arabskie | Republika Południowej Afryki | Iran | Jamajka | Wybrzeże Kości Słoniowej | Angola | Słowenia | Bośniai Hercegowina
65%
Nie znaleziono quizów pasujących do podanych kryteriów
Rozkład punktacji
Procent ludzi z każdym wynikiem
Percentyl według liczby udzielonych odpowiedzi
Twoja historia wyników
Nie rozwiązałeś tego quizu